Generator Dash #28 - Statistics

General Stats
  • This quiz has been taken 102 times
  • The average score is 7 of 11
Answer Stats
Hint Answer % Correct
Look at briefly (6) Glance
93%
Outback dog (5) Dingo
85%
Actress Hawn (6) Goldie
85%
Sound reasoning (5) Logic
78%
Heavenly (7) Angelic
74%
Hang loosely (6) Dangle
68%
Celtic tongue (6) Gaelic
67%
Cuban line dance (5) Conga
65%
Multi-sided polygon (7) Decagon
59%
Nimble, spry (5) Agile
55%
9-Letter Word GENOCIDAL
7%
No matching quizzes found
Score Distribution
Percent of People with Each Score
Percentile by Number Answered
Your Score History
You have not taken this quiz